[Event "ROM-ch"]
[Site "Baile Olanesti"]
[Date "2013.02.18"]
[Round "4"]
[White "Banzea, Alexandru Bogdan"]
[Black "Salagean, Gheorghe"]
[Result "1-0"]
[WhiteElo "1808"]
[BlackElo "1861"]
[PlyCount "79"]
[EventDate "2013.02.16"]
[EventType "swiss"]
[EventRounds "11"]
[EventCountry "ROU"]
[SourceTitle "CBM 153 Extra"]
[Source "ChessBase"]
[SourceDate "2013.04.22"]
[SourceVersion "1"]
[SourceVersionDate "2013.04.22"]
[SourceQuality "1"]

1. e4 e5 2. f4 Bc5 3. Nf3 d6 4. Nc3 Bg4 5. h3 Bxf3 6. Qxf3 Nc6 7. Bb5 Nge7 8. d3 a6 9. Bxc6+ Nxc6 10. Ne2 Nb4 11. Kd1 Qe7 12. c3 Nc6 13. Kc2 f6 14. Be3 Bxe3 15. Qxe3 Qf7 16. Rhf1 Qd7 17. fxe5 dxe5 18. a4 0-0 19. g4 b5 20. Ng3 b4 21. h4 bxc3 22. bxc3 Ne7 23. Nf5 Ng6 24. Qc5 Rad8 25. Qc4+ Kh8 26. Qxa6 Nf4 27. Rfd1 Ra8 28. Qb5 Qxb5 29. axb5 g6 30. Ne3 Rfd8 31. Nd5 Nxd5 32. exd5 Rxa1 33. Rxa1 Rxd5 34. c4 Rd7 35. Ra7 Rg7 36. c5 e4 37. dxe4 Re7 38. b6 Rxe4 39. Rxc7 Rxg4 40. b7 1-0

[Event "ROM-ch"]
[Site "Baile Olanesti"]
[Date "2013.02.16"]
[Round "1"]
[White "Gilea, Lucian"]
[Black "Salagean, Gheorghe"]
[Result "1-0"]
[WhiteElo "2245"]
[BlackElo "1861"]
[PlyCount "71"]
[EventDate "2013.02.16"]
[EventType "swiss"]
[EventRounds "11"]
[EventCountry "ROU"]
[SourceTitle "CBM 153 Extra"]
[Source "ChessBase"]
[SourceDate "2013.04.22"]
[SourceVersion "1"]
[SourceVersionDate "2013.04.22"]
[SourceQuality "1"]

1. d4 Nf6 2. c4 e6 3. a3 d5 4. Nc3 Nc6 5. Nf3 Be7 6. Bf4 0-0 7. h3 Re8 8. c5 a6 9. e3 Ne4 10. Nxe4 dxe4 11. Nd2 f5 12. b4 Bf6 13. Bc4 Ne7 14. g4 Bh4 15. gxf5 Nxf5 16. Nxe4 g5 17. Nxg5 h6 18. Qg4 hxg5 19. Qxf5 Kg7 20. Be5+ Kh6 21. Qf7 Rg8 22. Bd3 Bxf2+ 23. Kxf2 Qf8 24. Qxf8+ Rxf8+ 25. Kg3 Bd7 26. Bxc7 Bc6 27. Rhf1 Rac8 28. Bd6 Rxf1 29. Rxf1 Bb5 30. Rf6+ Kg7 31. Rg6+ Kf7 32. Bb1 b6 33. Be5 bxc5 34. Rg7+ Kf8 35. Ra7 cxd4 36. Bd6+ 1-0